00613nam a22002057a 450000500170000001000130001702000210003003500130005103700160006404000120008008200160009210000190010824500590012726000460018627000510023230000260028350000430030965000220035265000330037420170124110202.0 aB-045402 c00.00a812590932 aB-045402 bCen Lib/Ret aDPLbEN a005.01bMOH aMohammed Azam  aProgramming with visual basic 6.0 /cby Mohammed Azam  aNew Delhi bVikas Publishing House c2000 a576, masjid road, jangpura bNew Delhie110014 axxii, 456p.c23cm(Hb) aIncludes appendix, glossary and index  aComputer science  aProgramming language (Basic)